000 02073 a2200241 4500
001 49205
005 20260407155755.0
008 260407a2019 arg spa d
003 AR-UNSa-BCEJYS
040 _aAR-UNSa-BCEJYS
_bspa
_cAR-UNSa-BCEJYS
080 _a347.965
_xAbogados. La abogacía (prácticas profesionales)
245 1 0 _aPrácticas profesionales sobre casos reales 2016-2017
_pAnuario del Patrocinio jurídico gratuito de la Facultad de Derecho UBA
020 _a978-950-23-2912-3
264 1 _aBuenos Aires :
_bUniversidad de Buenos Aires. Facultad de Derecho
_c2019
300 _a423 p.
_c23 cm.
505 _a1. Presentación / Oscar Zoppi - 2. Ámbito de funcionamiento del patrocinio jurídico de la Facultad de Derecho / Virginia Badino - 3. Acciones de amparo y cuestiones de derecho público / Tiberio Pardiñas - 4. Casos de defensa del consumidor y el derecho a la salud / Javier del Sacramento - 5. Casos de desalojo y problemas de vivienda / César Zerbini - 6. Medidas excepcionales de protección de derechos de niñas, niños y adolescentes. Control de legalidad previsto en el artículo 39 de la ley 26061 / Gimol Pinto - 7. Casos de familia / Juan Antonio Seda - 8. El instituto de la guarda / Oscar Zorzoli - 9. Casos de filiación / Graciela A. Maiorano - 10. El proceso de divorcio y su abordaje desde la práctica profesional / Andrea Mercedes Pérez - 11. Algunas reflexiones sobre la actualidad de la práctica profesional / Andrea Mercedes Pérez - 12. Casos de violencia en sus diferentes manifestaciones / Eleonora Vallet - 13. Casos penales / Oscar de Vicente - 14. Casos de mediación / María Cristina Klein - 15. Casos del Servicio Social y de Psicología / Mariana Riudavets.
041 _aspa
942 _cBK
590 _aniveau_biblio:m niveau_hierar:0
100 1 _aUniversidad de Buenos Aires. Facultad de Derecho. Secretaría de Extensión Universitaria y Bienestar Estudiantil
700 1 _aZoppi, Oscar M.
856 4 1 _uhttps://www.biblioeco.unsa.edu.ar/pmb/images/libros/L127909.jpg
_yImagen de portada
_qimage/jpeg
999 _c4784
_d4784